000 02780cam a22005894i 4500
003 PE-LiUPU
005 20250731172719.0
008 150617s1982 wau r 000 0 eng d
035 _a(Sirsi) a10979
040 _aPE-LiUPU
_bspa
_cPE-LiUPU
_erda
049 _aPRUA
082 0 4 _a220.6
_bS47
_221
100 1 _aShea, William H.,
_d1932- ,
_eautor.
245 1 0 _aSelected Studies on Prophetic Interpretation /
_cWilliam H. Shea ; editor, Frank B. Holbrook.
264 1 _aWashington :
_bThe Review and Herald Publishing Association,
_c1982.
300 _a137 páginas ;
_c23 centimetros.
336 _atext
_2rdacontent
337 _aunmediated
_2rdamedia
338 _avolume
_2rdacarrier
490 0 _aDaniel and revelation committee series ;
_v1
505 0 _aBiblical paralleis for the investigative judgment -- Why antiochus IV is not the horn of Daniel -- Year-day principle-part I -- Year day principle-part II -- Judgment in Daniel -- Day of atonement and october.
526 _aSEG42
526 _aSEG41
526 _aSEG40
526 _aSEG39
526 _aP94
526 _aP87
526 _aP86
526 _aP85
526 _aP77
526 _aP76
526 _aP35
630 _aBiblia
_pA.T.
_pDaniel
_xCrítica interpretación, etc.
650 0 4 _aJuicio de Dios
_xEnseñanza Bíblica.
650 0 4 _aTiempo
_xEnseñanza Bíblica.
910 _ajck
_bjvq
_cjck
_d20150616
910 _ajck
_bjvq
_cjck
_d20170529
942 _2ddc
_cBOOK
949 _a220.6 S47
_wDEWEY
_c1
_i27492
_lCCODEBUL1
_mBUL
_p12
_r0
_sY
_tBOOK
_u2015-04-21
_xTEOLOGIA
_PP35
_0COMPRA
_o.STAFF. Colección General
949 _a220.6 S47
_wDEWEY
_c2
_i10402
_lCCODEBUL1
_mBUL
_p12
_r0
_sY
_tBOOK
_u2015-04-21
_xTEOLOGIA
_PP35
_0COMPRA
_o.STAFF. Colección General
949 _a220.6 S47
_wDEWEY
_c3
_i34761
_lCCODEBUL1
_mBUL
_p12
_r0
_sY
_tBOOK
_u2015-04-21
_xTEOLOGIA
_PP35
_0COMPRA
_o.STAFF. Colección General
994 _aC0
_bPEPRU
596 _a1
999 _a220.6 S47
_wDEWEY
_c1079
_i27492
_f2021-11-11
_g5
_lCCODEBUL1
_mBUL
_r0
_sY
_tBOOK
_u2015-4-21
_xTEOLOGIA
_PP35
_0COMPRA
_o.STAFF. Colección General
_d1079
999 _a220.6 S47
_wDEWEY
_c2
_i10402
_f2021-11-11
_g5
_lCCODEBUL1
_mBUL
_r0
_sY
_tBOOK
_u2015-4-21
_xTEOLOGIA
_PP35
_0COMPRA
_o.STAFF. Colección General
999 _a220.6 S47
_wDEWEY
_c3
_i34761
_f2021-11-11
_g5
_lCCODEBUL1
_mBUL
_r0
_sY
_tBOOK
_u2015-4-21
_xTEOLOGIA
_PP35
_0COMPRA
_o.STAFF. Colección General
999 _a220.6 S47
_wDEWEY
_c4
_i75905
_d2018-5-27
_e2018-5-23
_f2021-11-11
_g4
_lCCODEBUL1
_mBUL
_n1
_p12.00
_q1
_r0
_sY
_tBOOK
_u2017-5-29
_xTEOLOGIA
_PP85
_0DONACION
_o.STAFF. Colección Teología
980 _81
_gALBERTO SANCHEZ Responsable de Automatización